Culture Générale - Série 1877 - Statistiques

Statistiques générales
  • Ce quiz a été pris 98 fois
  • Le résultat moyen est 4 sur 10
Statistiques - réponses
Question Réponse % Correct
Dans la religion catholique, quel est le mois de Marie ? mai
85%
Dans quel bassin industriel de l'ouest de l'Allemagne se trouve la ville d'Essen ? Ruhr
59%
Dans la Bible, comment s'appelle l'épouse d'Abraham ? Sarah
54%
Dans quelle ville siège le comité international olympique (CIO) ? Lausanne
50%
Qu'est-ce qu'un "sialis" ? voir photo insecte
49%
Quel verbe dont l'anagramme est "stores" signifie "Cogner fortement et de manière répétée sous l'effet du ressac" ? tosser
41%
Quelle ville italienne est plus particulièrement connue pour son circuit automobile Dino et Enzo Ferrari ? Imola
30%
De quel pays le "cédi" est-il la monnaie oficielle ? Ghana
4%
Quel mot de 4 lettres terminé par "s" est synonyme de rets ou filet ? lacs
3%
Quel est le titre du film d'animation réalisé en 2010 par Byron Howard, synonyme de "campanule" ? Raiponce
1%
Aucun quiz correspondant
Distribution des résultats
% des personnes avec chaque résultat
Percentile par nombre de réponses
Votre historique - résultats
Vous n’avez pas pris ce quiz